Máquinas eléctricas
Guardat en:
| Autor principal: | |
|---|---|
| Format: | Llibre |
| Idioma: | espanyol |
| Publicat: |
Madrid
McGraw-Hill Interamericana
2003
|
| Edició: | 5a. ed |
| Matèries: | |
| Etiquetes: |
Afegir etiqueta
Sense etiquetes, Sigues el primer a etiquetar aquest registre!
|
MARC
| LEADER | 00000nam a2200000 a 4500 | ||
|---|---|---|---|
| 001 | UCK0780 | ||
| 003 | CL-VaPUC | ||
| 008 | 041022e20030000SP |||||||||||||||||spa|d | ||
| 020 | |a 8448139135 | ||
| 082 | 0 | 4 | |a 621.313 |b FRA |2 21 |
| 100 | 0 | |a Fraile Mora, Jesús |e author |9 488673 | |
| 245 | 1 | 0 | |a Máquinas eléctricas |
| 250 | |a 5a. ed | ||
| 300 | |a 757 p | ||
| 942 | |c BK | ||
| 945 | |d 20041022 00:00:00 |a cmena | ||
| 260 | |a Madrid |b McGraw-Hill Interamericana |c 2003 | ||
| 650 | 0 | |a Máquinas eléctricas |9 260079 | |
| 650 | 0 | |a Circuitos eléctricos |9 260262 | |
| 650 | 0 | |a Transformadores eléctricos |9 263198 | |
| 650 | 0 | |a Motores eléctricos |9 260085 | |
| 650 | 0 | |a Corriente alterna |9 260070 | |
| 650 | 0 | |a Corriente continua |9 260069 | |
| 583 | |a last modification |c 20140409 05:32:39 |k Rodrigo Vera | ||
| 999 | |c 311048 |d 311046 | ||
| 952 | |0 0 |1 0 |2 ddc |4 0 |6 621_313000000000000_FRA_2003 |7 0 |8 A |9 380234 |a BIBING |b BIBING |c RES |d 2019-11-21 |i 4073371 |o 621.313 FRA 2003 |p 4073371 |r 2025-01-20 |w 2019-11-21 |y BK |k EIE | ||
| 952 | |0 0 |1 0 |2 ddc |4 0 |6 621_313000000000000_FRA_2003 |7 0 |8 A |9 380235 |a BIBING |b BIBING |c RES |d 2019-11-21 |i 412880K |o 621.313 FRA 2003 |p 412880K |r 2025-01-20 |w 2019-11-21 |y BK |k EIE | ||
| 952 | |0 0 |1 1 |2 ddc |4 0 |6 621_313000000000000_FRA_2003 |7 0 |8 A |9 380236 |a BIBING |b BIBING |d 2019-11-21 |i 4148118 |o 621.313 FRA 2003 |p 4148118 |r 2023-03-02 |w 2019-11-21 |y BK |k EIE | ||
| 952 | |0 0 |1 0 |2 ddc |4 0 |6 621_313000000000000_FRA_2003 |7 0 |8 A |9 380237 |a BIBING |b BIBING |c RES |d 2019-11-21 |i 4164350 |o 621.313 FRA 2003 |p 4164350 |r 2025-01-20 |w 2019-11-21 |y BK |k EIE | ||
| 952 | |0 0 |1 0 |2 ddc |4 0 |6 621_313000000000000_FRA_2003 |7 0 |8 A |9 380238 |a BIBING |b BIBING |c RES |d 2019-11-21 |i 4174739 |o 621.313 FRA 2003 |p 4174739 |r 2025-01-20 |w 2019-11-21 |y BK |k EIE | ||
| 952 | |0 0 |1 0 |2 ddc |4 0 |6 621_313000000000000_FRA_2003 |7 0 |8 A |9 380239 |a BIBING |b BIBING |c RES |d 2019-11-21 |i 4277864 |l 2 |o 621.313 FRA 2003 |p 4277864 |r 2025-01-20 |s 2023-10-11 |w 2019-11-21 |y BK |k EIE | ||
| 952 | |0 0 |1 0 |2 ddc |4 0 |6 621_313000000000000_FRA_2003 |7 0 |8 A |9 380240 |a BIBING |b BIBING |c RES |d 2019-11-21 |i 4365089 |o 621.313 FRA 2003 |p 4365089 |r 2025-01-20 |w 2019-11-21 |y BK |k EIE | ||